000 01215pam a2200385 ia4500
999 _c170830
_d170830
001 vtls000845302
003 PNM
005 20190107122941.0
008 180117s2018 my ao j 000 0 may
015 _aM18-01215
020 _a9789670947587
_cRM199.00
_qset
020 _a9789670947662
_cRM24.87
_qpaperback
039 9 _a201810300929
_bamy_z
_c201804121134
_damy_z
_c201804121123
_damy_z
_c201801261608
_dmawarny
040 _aBNM
_beng
_cBNM
_erda
_dPPAK
049 _amal
082 0 4 _a398.209595
_223
090 0 0 _a398.209595
_bMUH
_dK
100 0 _aMuhammad Afis,
_eauthor.
245 1 0 _aRAJA BERSIONG YANG ZALIM /
_cMuhammad Afis
264 1 _aKuala Lumpur :
_bSEMARAK MURNI ENTERPRISE,
_c[2018]
300 _a40 pages :
_billustrations, photographs ;
_c26 cm.
336 _atext
_2rdacontent
337 _aunmediated
_2rdamedia
338 _avolume
_2rdacarrier
490 1 _aMenjejaki Bukti Wujud Legenda Silam
500 _aIncludes questions and exercises
650 1 0 _aFolk literature, Malay
650 2 0 _aLegends
651 2 0 _aKedah
_xHistory
830 0 _aMenjejaki bukti wujud legenda silam
942 _2ddc
_cB
949 _62000624686
949 _62000624684
949 _62000624685